000 00537nam a2200217Ia 4500
003 OSt
005 20220923230809.0
006 a|||||r|||| 00| 0
007 ta
008 Pun
024 _a305,589
037 _cTextual
040 _aARTS
_cARTS
_bPun
041 _2Pun
_aPun
082 _aQ8441:g, 153H7
100 _aਸਾਹਿਬ ਸਿੰਘ
245 0 _aਗੁਰਮਤਿ ਪ੍ਰਕਾF
260 _c1947
942 _hQ8441:g, 153H7
_cTEXL
_2CC
999 _c387381
_d387381